00463nam a2200157Ia 4500003000400000005001700004008004100021020002900062040001700091082001900108100002500127245007800152260002800230300001800258650002900276IIN20240129121610.0231217s9999 xx 000 0 und d cRs.950.00a9789386056054 aIINbEnglish a610.7343 bDAS1 aDash, Bijayalaskhmi 1 aA Comprehensive Text Book of Community Health NursingcBijayalaskhmi Dash bJaypeeaNew Delhic2017 axxiii, 847 p.1 aCommunity Health Nursing